000 00491nam a2200181Ia 4500
003 GCL
008 140319s9999 xx 000 0 ara d
040 _aGCL /
_cGCL
082 0 4 _aق
_b953.09
_bا م
100 1 _aانطوان يعقوب
245 1 0 _aمصر الحديثة او مصر فى ثلاث سنوات /
_cانطوان يعقوب
300 _a100 ص
490 _a
650 0 4 _aمصر
650 0 4 _aالتاريخ
650 0 4 _aالتاريخ الحديث
942 _2ddc
_cBK
999 _c44377
_d44377